|
|
|
|
| LEADER |
03615nam a2200721 ia4500 |
| 001 |
001522837 |
| 003 |
CZ BrMZK |
| 005 |
20160905083247.0 |
| 007 |
ta |
| 008 |
160427t20142014xxka e 000 0 eng |
| 020 |
|
|
|a 978-1-133-31573-5
|q (student's book ;
|q brožováno)
|
| 020 |
|
|
|a 978-1-133-31576-6
|q (workbook ;
|q brožováno)
|
| 020 |
|
|
|a 978-1-133-31577-3
|q (teacher's book ;
|q brožováno)
|
| 020 |
|
|
|a 978-1-285-45115-2
|q (assessment CD-ROM with ExamView)
|
| 040 |
|
|
|a BOA001
|b cze
|e rda
|
| 072 |
|
7 |
|a 811.111
|x Angličtina
|2 Konspekt
|9 11
|
| 072 |
|
7 |
|a 37.016
|x Učební osnovy. Vyučovací předměty. Učebnice
|2 Konspekt
|9 22
|
| 080 |
|
|
|a 811.111
|2 MRF
|
| 080 |
|
|
|a (07.064)81
|2 MRF
|
| 080 |
|
|
|a (076.1)
|2 MRF
|
| 080 |
|
|
|a (072)
|2 MRF
|
| 100 |
1 |
|
|a Dummett, Paul
|7 xx0003660
|4 aut
|
| 245 |
1 |
0 |
|a Life advanced /
|c Paul Dummett, John Hughes, Helen Stephenson
|
| 264 |
|
1 |
|a Andover :
|b National Geographic Learning,
|c [2014]
|
| 264 |
|
4 |
|c ©2014
|
| 300 |
|
|
|a 4 svazky :
|b ilustrace (převážně barevné) ;
|c 30 cm
|
| 336 |
|
|
|a text
|b txt
|2 rdacontent
|
| 336 |
|
|
|a mluvené slovo
|b spw
|2 rdacontent
|
| 336 |
|
|
|a počítačový datový soubor
|b cod
|2 rdacontent
|
| 336 |
|
|
|a dvojrozměrný pohyblivý obraz
|b tdi
|2 rdacontent
|
| 336 |
|
|
|a text
|b txt
|2 rdacontent
|
| 336 |
|
|
|a text
|b txt
|2 rdacontent
|
| 337 |
|
|
|a bez média
|b n
|2 rdamedia
|
| 337 |
|
|
|a audio
|b s
|2 rdamedia
|
| 337 |
|
|
|a počítač
|b c
|2 rdamedia
|
| 337 |
|
|
|a video
|b v
|2 rdamedia
|
| 337 |
|
|
|a bez média
|b n
|2 rdamedia
|
| 337 |
|
|
|a bez média
|b n
|2 rdamedia
|
| 338 |
|
|
|a svazek
|b nc
|2 rdacarrier
|
| 338 |
|
|
|a audiodisk
|b sd
|2 rdacarrier
|
| 338 |
|
|
|a počítačový disk
|b cd
|2 rdacarrier
|
| 338 |
|
|
|a videodisk
|b vd
|2 rdacarrier
|
| 338 |
|
|
|a svazek
|b nc
|2 rdacarrier
|
| 338 |
|
|
|a svazek
|b nc
|2 rdacarrier
|
| 500 |
|
|
|a Na obálkách označení: C1
|
| 505 |
0 |
|
|a student's book. 182 stran + 1 DVD -- workbook / Paul Dummett. 152 stran + 3 CD -- teacher's book with student's book audio CDs / David A. Hill. 198 stran + 2 CD -- assessment CD-ROM with ExamView. 1 CD-ROM
|
| 650 |
0 |
7 |
|a angličtina
|7 ph114056
|2 czenas
|
| 653 |
0 |
|
|a jazyková úroveň C1
|
| 655 |
|
7 |
|a jazykové učebnice, texty, příručky (C)
|7 fd600892
|2 czenas
|
| 655 |
|
7 |
|a pracovní sešity
|7 fd133116
|2 czenas
|
| 655 |
|
7 |
|a metodické příručky
|7 fd132826
|2 czenas
|
| 700 |
1 |
|
|a Hughes, John
|7 pna2006322406
|4 aut
|
| 700 |
1 |
|
|a Stephenson, Helen
|7 mzk2012713340
|4 aut
|
| 910 |
|
|
|a BOA001
|b 4-1366.349
|b CDR2-1306.310
|
| 990 |
|
|
|a BK
|
| 991 |
|
|
|b 201605
|c NOV
|x 99
|
| 996 |
7 |
|
|b 2610669195
|c 4-1366.349
|d 1, student's book
|v 1
|l Anglická knihovna/2.patro
|r ZHR
|n 29
|p kupz
|h CA 10
|w 001558311
|u 000010
|a 0
|e BOA001
|j MZK50
|s A
|
| 996 |
7 |
|
|b 2610669197
|c 4-1366.349
|d 2, workbook
|v 2
|l Anglická knihovna/2.patro
|r ZHR
|n 24
|p kupz
|h CA 10
|w 001558311
|u 000030
|a 0
|e BOA001
|j MZK50
|s A
|
| 996 |
7 |
|
|b 2610669199
|c 4-1366.349
|d 3, teacher's book
|v 3
|l Anglická knihovna/2.patro
|r ZHR
|n 16
|p kupz
|h CA 10
|w 001558311
|u 000050
|a 0
|e BOA001
|j MZK50
|s A
|
| 996 |
7 |
|
|b 2610669201
|c CDR2-1306.310
|d 4, assessment CD-ROM with ExamView
|v 4
|l Anglická knihovna/2.patro
|r ZHR
|n 1
|p kupz
|h CD-R 373
|w 001558311
|u 000070
|a 0
|e BOA001
|j MZK50
|s A
|
| 996 |
7 |
|
|b DKAA000086
|c CDR-1366.349
|d 2, workbook audio CD 1-3
|v 2
|l Anglická knihovna/2.patro
|r ZHR
|n 5
|p kupz
|h CD-B 71
|w 001558311
|u 000040
|a 0
|e BOA001
|j MZK50
|s A
|
| 996 |
7 |
|
|b DKAA000087
|c CDR-1366.349
|d 3, class audio CD 1-2
|v 3
|l Anglická knihovna/2.patro
|r ZHR
|n 12
|p kupz
|h CD-B 70
|w 001558311
|u 000060
|a 0
|e BOA001
|j MZK50
|s A
|
| 996 |
7 |
|
|b DKAA000225
|c CDR-1366.349
|d 1, student's book DVD
|v 1
|l Anglická knihovna/2.patro
|r ZHR
|n 2
|p kupz
|h DVD 184
|w 001558311
|u 000020
|a 0
|e BOA001
|j MZK50
|s A
|